Normal view
MARC view
Entry Personal Name
001 - CONTROL NUMBER
- control field: 20190
003 - CONTROL NUMBER IDENTIFIER
- control field: OSt
005 - DATE AND TIME OF LATEST TRANSACTION
- control field: 20260406204031.0
008 - FIXED-LENGTH DATA ELEMENTS
- fixed length control field: 260406|| aca||aabn | a|a d
040 ## - CATALOGING SOURCE
- Original cataloging agency: OSt
- Transcribing agency: OSt
100 ## - HEADING--PERSONAL NAME
- Personal name: Malabanan, Ceasar A., author
670 ## - SOURCE DATA FOUND
- Source citation: Work cat.: (OSt)5118: Gudito, Joelito, A., author 20188, Improvised cutter heater with temperature controller :, 2007
